000 01329cam a22003497a 4500
001 15129621
005 20080501104754.0
008 080107s2008 enka b 001 0 eng
010 _a 2008920253
015 _aGBA809366
_2bnb
016 7 _a014500739
_2Uk
020 _a9781848001428 (hbk. : acidfree paper)
020 _a1848001428 (hbk.)
035 _a(OCoLC)ocn191244390
040 _aUKM
_cUKM
_dBTCTA
_dYDXCP
_dBAKER
_dOHX
_dC#P
_dDLC
042 _alccopycat
050 0 0 _aTK7895.S65
_bA987 2008
082 0 4 _a006.454
_222
_bAUT
245 0 0 _aAutomatic speech recognition on mobile devices and over communication networks /
_c[Edited by] Zheng-Hua Tan and Borge Lindberg.
260 _aLondon :
_bSpringer,
_cc2008.
300 _axx, 401 p. :
_bill. ;
_c25 cm.
440 0 _aAdvances in pattern recognition,
_x1617-7916
_93429
504 _aIncludes bibliographical references and index.
650 0 _aAutomatic speech recognition.
_93430
650 0 _aMobile computing.
_93431
700 1 _aTan, Zheng-Hua.
_93432
700 1 _aLindberg, Borge.
_93433
942 _2ddc
_cBB
999 _c11241
_d11241